|
|
|
|
| LEADER |
01014nam a2200349 4500 |
| 001 |
DLU110125728 |
| 005 |
##20110926 |
| 040 |
# |
# |
|a DLU
|b vie
|
| 041 |
# |
# |
|a vie
|
| 044 |
# |
# |
|a vn
|
| 082 |
# |
# |
|a 628.168
|b NG-N
|
| 100 |
# |
# |
|a Nguyễn Xuân Nguyên,
|c PGS.TSKH.
|
| 245 |
# |
# |
|a Công nghệ xử lý nước thải bệnh viện /
|c Nguyễn Xuân Nguyên, Phạm Hồng Hải.
|
| 260 |
# |
# |
|a H. :
|b Khoa học và Kỹ thuật,
|c 2004.
|
| 300 |
# |
# |
|a 200 tr. :
|b minh hoạ ;
|c 24 cm.
|
| 504 |
# |
# |
|a Tài liệu tham khảo: tr.193.
|
| 650 |
# |
# |
|a Bệnh viện
|x Xử lý chất thải.
|
| 650 |
# |
# |
|a Nước thải
|x Làm sạch.
|
| 650 |
# |
# |
|a Toà nhà bệnh viện
|x Vệ sinh môi trường.
|
| 650 |
# |
# |
|a Xử lý nước thải.
|
| 700 |
# |
# |
|a Phạm Hồng Hải.
|
| 923 |
# |
# |
|a 01/2011MT
|
| 991 |
# |
# |
|a GT
|
| 992 |
# |
# |
|a 45000
|
| 994 |
# |
# |
|a KMT
|
| 900 |
# |
# |
|a True
|
| 911 |
# |
# |
|a Đào Thị Thu Huyền
|
| 925 |
# |
# |
|a G
|
| 926 |
# |
# |
|a A
|
| 927 |
# |
# |
|a SH
|
| 980 |
# |
# |
|a Thư viện Trường Đại học Đà Lạt
|